[Event "Tournament 14472 - Europe Echecs"]
[Site "Europe Echecs"]
[Date "2020.07.10"]
[Round "7"]
[Time "17:16:57"]
[PlyCount "76"]
[White "FonluptEsteban"]
[Black "SalvignolNatha"]
[WhiteElo "1436"]
[BlackElo "1209"]
[Mode "WEB"]
[Result "1/2-1/2"]

1. e4 e5 2. Nf3 Nc6 3. d4 d6 4. d5 Nce7 5. Bb5+ c6 6. dxc6 Nxc6 7. O-O Bg4 8. h3
Bh5 9. Be2 Nf6 10. Nc3 Be7 11. Bg5 O-O 12. Nd4 exd4 13. Bxh5 dxc3 14. Bxf6 Bxf6
15. bxc3 Bxc3 16. Rb1 b6 17. Qe2 Ne5 18. Rb3 Bd4 19. Rd1 Bc5 20. c3 Qg5 21. Bf3
Rfe8 22. Rd5 Qg6 23. Bh5 Qf6 24. c4 Rac8 25. Rg3 g6 26. Bg4 Nxg4 27. Rxg4 h5 28.
Rg3 Qf4 29. Rf3 Qxe4 30. Qb2 Qxc4 31. Rg5 Re2 32. Qf6 Re5 33. Rxg6+ fxg6 34.
Qxg6+ Kh8 35. Qh6+ Kg8 36. Qg6+ Kh8 37. Qh6+ Kg8 38. Qg6+ {Nulle par répétition} 1/2-1/2

[Event "Tournament 14472 - Europe Echecs"]
[Site "Europe Echecs"]
[Date "2020.07.10"]
[Round "7"]
[Time "17:16:57"]
[PlyCount "45"]
[White "ElimortJessene"]
[Black "EricAndrianaFi"]
[WhiteElo "1199"]
[BlackElo "1401"]
[Mode "WEB"]
[Result "0-1"]

1. e4 c6 2. Nf3 d5 3. e5 Bf5 4. h3 Nd7 5. g4 Bg6 6. Nc3 e6 7. d4 c5 8. dxc5 Bxc5
9. Bd3 Ne7 10. Bxg6 hxg6 11. O-O Nc6 12. Re1 Qb6 13. Be3 Rxh3 14. Kg2 Rh8 15.
Na4 Qb5 16. Nxc5 Nxc5 17. b3 O-O-O 18. a4 Qb4 19. Bd2 Qxg4+ 20. Kf1 Rh1+ 21. Ke2
Nd4+ 22. Ke3 Qe4# {ElimortJessene est échec et mat} 0-1

[Event "Tournament 14472 - Europe Echecs"]
[Site "Europe Echecs"]
[Date "2020.07.10"]
[Round "7"]
[Time "17:16:57"]
[PlyCount "60"]
[White "SemenovMaxime"]
[Black "MigoliRomain"]
[WhiteElo "1367"]
[BlackElo "1201"]
[Mode "WEB"]
[Result "1-0"]

1. d4 d5 2. c4 c6 3. Nf3 Nf6 4. Nc3 Bf5 5. cxd5 cxd5 6. Qb3 Qb6 7. Nxd5 Qxb3 8.
Nxf6+ exf6 9. axb3 Nd7 10. e3 Bb4+ 11. Bd2 Bxd2+ 12. Kxd2 O-O 13. Bb5 Nb6 14.
Rhe1 Nd5 15. e4 Bxe4 16. Rxe4 a6 17. Bc4 Nb4 18. Re7 Nc6 19. Rxb7 Rad8 20. Kc3
a5 21. d5 Nb4 22. Rxa5 Rb8 23. Rxb4 Rxb4 24. Kxb4 Rb8+ 25. Rb5 Rxb5+ 26. Kxb5 f5
27. d6 g5 28. d7 Kg7 29. d8=Q Kh6 30. Qxg5# {MigoliRomain est échec et mat} 1-0

[Event "Tournament 14472 - Europe Echecs"]
[Site "Europe Echecs"]
[Date "2020.07.10"]
[Round "7"]
[Time "17:16:57"]
[PlyCount "32"]
[White "EstinCharbonne"]
[Black "EkandeEthan"]
[WhiteElo "1343"]
[BlackElo "1200"]
[Mode "WEB"]
[Result "1-0"]

1. e4 e5 2. Nf3 Nc6 3. Bc4 Nf6 4. d4 Nxe4 5. dxe5 Bc5 6. Qd5 Bxf2+ 7. Kf1 O-O 8.
Qxe4 Bb6 9. Bd3 g6 10. Bg5 Ne7 11. Bf6 d5 12. Qh4 Qd7 13. Qh6 Nf5 14. Bxf5 Qb5+
15. Bd3 Qc5 16. Qg7# {EkandeEthan est échec et mat} 1-0

[Event "Tournament 14472 - Europe Echecs"]
[Site "Europe Echecs"]
[Date "2020.07.10"]
[Round "7"]
[Time "17:16:57"]
[PlyCount "105"]
[White "MiomandreMouni"]
[Black "YaylaEmre"]
[WhiteElo "1062"]
[BlackElo "1336"]
[Mode "WEB"]
[Result "0-1"]

1. e4 e5 2. Nf3 Nc6 3. Bc4 Bc5 4. c3 d6 5. d4 exd4 6. cxd4 Bb4+ 7. Nc3 Na5 8.
Qa4+ Nc6 9. Bb5 Bxc3+ 10. bxc3 Bd7 11. O-O a6 12. Bd3 Bg4 13. d5 b5 14. Bxb5
axb5 15. Qxb5 Nge7 16. dxc6 Bxf3 17. gxf3 O-O 18. Bg5 f6 19. Qb3+ Kh8 20. Be3
Nxc6 21. Rfd1 Ne5 22. f4 Nf3+ 23. Kg2 Nh4+ 24. Kh1 Qe8 25. Qc4 Qg6 26. Rg1 Qh5
27. Qf1 Qf3+ 28. Rg2 Nxg2 29. Qxg2 Qxg2+ 30. Kxg2 Ra3 31. Bd2 Re8 32. f3 Kg8 33.
Rb1 Rxa2 34. Rd1 Rb8 35. Kf2 Rb5 36. Ke3 Rh5 37. Rh1 Kf7 38. Kf2 Rxd2+ 39. Kg3
Rd3 40. c4 Rc3 41. Kg4 Rc5 42. h4 R5xc4 43. Rh3 g6 44. h5 g5 45. fxg5 fxg5 46.
Kxg5 Rc5+ 47. Kg4 h6 48. Rg3 Rg5+ 49. Kf4 Rxg3 50. Kxg3 c5 51. Kg4 c4 52. Kf4
Rd3 {MiomandreMouni a abandonné} 0-1

[Event "Tournament 14472 - Europe Echecs"]
[Site "Europe Echecs"]
[Date "2020.07.10"]
[Round "7"]
[Time "17:16:57"]
[PlyCount "64"]
[White "CatherinotMarg"]
[Black "ClairMathieu"]
[WhiteElo "1327"]
[BlackElo "1125"]
[Mode "WEB"]
[Result "1-0"]

1. e4 e6 2. d4 d5 3. e5 b6 4. Nf3 Qd7 5. Be2 Ba6 6. Bxa6 Nxa6 7. Qe2 Nb8 8. O-O
Nh6 9. Nc3 c6 10. Nd1 Nf5 11. Qd3 c5 12. c3 c4 13. Qc2 Nc6 14. Ne3 Nce7 15. b3
b5 16. Rb1 g6 17. Bd2 Bh6 18. Ng4 Bg7 19. Bg5 Qc7 20. Bf6 Bxf6 21. Nxf6+ Kf8 22.
Rb2 a6 23. bxc4 dxc4 24. Rfb1 Nd5 25. Nxd5 exd5 26. a4 h5 27. axb5 axb5 28. Rxb5
Kg7 29. Rb7 Qc8 30. Ng5 Kh6 31. Nxf7+ Kh7 32. Nd6+ {ClairMathieu a abandonné} 1-0

[Event "Tournament 14472 - Europe Echecs"]
[Site "Europe Echecs"]
[Date "2020.07.10"]
[Round "7"]
[Time "17:16:57"]
[PlyCount "125"]
[White "CastetsAntoine"]
[Black "RazeMorvan"]
[WhiteElo "1120"]
[BlackElo "1326"]
[Mode "WEB"]
[Result "0-1"]

1. e4 e5 2. Nf3 Nc6 3. Bb5 Nge7 4. Bxc6 Nxc6 5. O-O g6 6. Nc3 Bg7 7. b3 O-O 8.
Bb2 d6 9. Nd5 Re8 10. Re1 Be6 11. d4 Bg4 12. dxe5 Nxe5 13. Bxe5 Bxe5 14. Rb1 c6
15. Ne3 Bc8 16. Nxe5 Rxe5 17. Nc4 Re6 18. e5 d5 19. h3 Qe7 20. Nb2 Rxe5 21. Rxe5
Qxe5 22. Qe1 Qxe1+ 23. Rxe1 Bf5 24. c4 dxc4 25. Nxc4 Kg7 26. Nd6 Rb8 27. Nxf5+
gxf5 28. Re7 a5 29. f3 c5 30. Re5 b6 31. Rxf5 Rd8 32. Rg5+ Kf6 33. Rg4 Rd2 34.
Rf4+ Kg7 35. a4 Rb2 36. Rg4+ Kf8 37. Rh4 Rxb3 38. Rxh7 c4 39. Rh8+ Ke7 40. Rc8
c3 41. Kf2 Kd7 42. Rc4 Rb4 43. Rxc3 Rxa4 44. h4 Rxh4 45. Rd3+ Kc6 46. Rc3+ Kb7
47. g3 Rb4 48. g4 a4 49. Kg3 Rb3 50. Rc2 a3 51. Ra2 b5 52. Kh4 b4 53. Re2 Rb2
54. Re7+ Kb6 55. Rxf7 a2 56. g5 a1=Q 57. Rf6+ Kb5 58. Rf5+ Ka4 59. g6 Rg2 60.
Rg5 Qd4+ 61. f4 Qxf4+ 62. Kh5 Qxg5# {CastetsAntoine est échec et mat} 0-1

[Event "Tournament 14472 - Europe Echecs"]
[Site "Europe Echecs"]
[Date "2020.07.10"]
[Round "7"]
[Time "17:16:57"]
[PlyCount "78"]
[White "BaderPaul"]
[Black "RevillardValen"]
[WhiteElo "1243"]
[BlackElo "1005"]
[Mode "WEB"]
[Result "1-0"]

1. e4 e5 2. Bc4 Nf6 3. d3 Nc6 4. h3 Bc5 5. Bg5 O-O 6. Nc3 Be7 7. Nf3 Nd4 8. O-O
Nxf3+ 9. Qxf3 Nxe4 10. Bxe7 Qxe7 11. Nxe4 c6 12. Ng3 d5 13. Bb3 a5 14. Nh5 a4
15. Bxd5 cxd5 16. Qxd5 g6 17. Ng3 Rb8 18. Qe4 b5 19. a3 Bb7 20. Qe3 Qe6 21. Ne2
Qc6 22. f3 Qxc2 23. Qxe5 Rfe8 24. Qg3 Qxe2 25. Rab1 Qxd3 26. Rbe1 Qd4+ 27. Kh1
f5 28. Rb1 f4 29. Qg5 Re5 30. Qf6 Rf8 31. Qh4 g5 32. Qg4 Bc8 33. Qh5 Kg7 34.
Rbc1 Bf5 35. Rc7+ Kg8 36. Qxg5+ Bg6 37. Qh6 Rf7 38. Rc8+ Rf8 39. Rxf8# {RevillardValen est échec et mat} 1-0

[Event "Tournament 14472 - Europe Echecs"]
[Site "Europe Echecs"]
[Date "2020.07.10"]
[Round "7"]
[Time "17:16:57"]
[PlyCount "66"]
[White "SzubertEmma"]
[Black "LabordeAntonn"]
[WhiteElo "1232"]
[BlackElo "1002"]
[Mode "WEB"]
[Result "1-0"]

1. e4 e5 2. Nf3 Nc6 3. Nc3 Nf6 4. Bc4 Bc5 5. d3 h6 6. O-O O-O 7. h3 d6 8. Re1
Ne7 9. d4 exd4 10. Nxd4 c6 11. Nf3 Be6 12. Bd3 Ng6 13. e5 dxe5 14. Nxe5 Nxe5 15.
Rxe5 Qd4 16. Re3 Nd5 17. Ne2 Qf6 18. Rf3 Qe7 19. Rg3 Qf6 20. Rf3 Qe7 21. Nf4
Nxf4 22. Bxf4 Bd5 23. Rg3 Qh4 24. Qd2 Rfe8 25. Bxh6 g6 26. Rg4 Qf6 27. c3 Re7
28. Bg5 Qg7 29. Bxe7 Qe5 30. Bxc5 Re8 31. Bd4 Qe6 32. Kf1 Qe7 33. Qh6 {LabordeAntonn a perdu au temps} 1-0

[Event "Tournament 14472 - Europe Echecs"]
[Site "Europe Echecs"]
[Date "2020.07.10"]
[Round "7"]
[Time "17:16:57"]
[PlyCount "172"]
[White "MolinesMartin"]
[Black "BoucherAngel"]
[WhiteElo "1033"]
[BlackElo "1199"]
[Mode "WEB"]
[Result "1/2-1/2"]

1. e4 d6 2. d4 Nd7 3. Nc3 c6 4. Nf3 Qc7 5. Bf4 Ngf6 6. e5 dxe5 7. dxe5 Ng4 8.
Qe2 f6 9. exf6 e5 10. fxg7 Bxg7 11. Bg3 O-O 12. h3 Ngf6 13. Nxe5 Re8 14. f4 Nd5
15. O-O-O Nxc3 16. bxc3 Nxe5 17. fxe5 Bxe5 18. Bxe5 Rxe5 19. Qc4+ Be6 20. Qd3
Rd5 21. Qe4 Rxd1+ 22. Kxd1 Rd8+ 23. Kc1 Bxa2 24. Qg4+ Kf8 25. Qf5+ Bf7 26. Qxh7
Qf4+ 27. Kb2 Qa4 28. Bd3 Qa2+ 29. Kc1 Qa1+ 30. Kd2 Qxh1 31. Qh8+ Ke7 32. Qe5+
Be6 33. Qg7+ Kd6 34. Qd4+ Kc7 35. Qe5+ Rd6 36. Qg7+ Bd7 37. Qe5 Qxg2+ 38. Kc1
Qh1+ 39. Kb2 Qxh3 40. Qa5+ b6 41. Qxa7+ Kd8 42. Qb8+ Ke7 43. Qxb6 Qe6 44. Qf2 c5
45. Qh4+ Ke8 46. Qh8+ Kf7 47. Qh7+ Kf6 48. Qh4+ Ke5 49. Qe4+ Kf6 50. Qg6+ Ke7
51. Qg5+ Qf6 52. Qe3+ Be6 53. Qxc5 Qh6 54. Qc7+ Bd7 55. Qc5 Qh8 56. Qg5+ Qf6 57.
Qe3+ Re6 58. Qc5+ Kf7 59. Qd5 Qd8 60. Qf5+ Ke7 61. Qc5+ Rd6 62. Qg5+ Ke8 63.
Bg6+ Rxg6 64. Qxg6+ Ke7 65. Qg5+ Ke8 66. Qg6+ Kf8 67. Qh6+ Kf7 68. Qf4+ Qf6 69.
Qc4+ Be6 70. Qc7+ Qe7 71. Qf4+ Ke8 72. Qb8+ Kd7 73. Qb7+ Kd6 74. Qb4+ Kd7 75.
Qb5+ Kc7 76. Qa5+ Kc6 77. Qa4+ Kb6 78. Qd4+ Qc5 79. Qxc5+ Kxc5 80. Kc1 Kc4 81.
Kd2 Bf5 82. Kc1 Be4 83. Kd2 Bf5 84. Kc1 Kxc3 85. Kd1 Bxc2+ 86. Ke1 {Aucun joueur n'a le mat&eacute;riel pour mater} 1/2-1/2

[Event "Tournament 14472 - Europe Echecs"]
[Site "Europe Echecs"]
[Date "2020.07.10"]
[Round "7"]
[Time "17:16:57"]
[PlyCount "57"]
[White "SwietlikAlexan"]
[Black "LedouxCamille"]
[WhiteElo "1130"]
[BlackElo "1165"]
[Mode "WEB"]
[Result "0-1"]

1. e4 d5 2. Nc3 Nf6 3. d3 e6 4. Nf3 Bd6 5. Bg5 dxe4 6. dxe4 e5 7. Bc4 Nbd7 8.
O-O O-O 9. Bxf6 Nxf6 10. Nd5 Nxd5 11. Bxd5 c6 12. Bc4 Qf6 13. Qd3 Bg4 14. Nd2
Rae8 15. f3 Bd7 16. Rad1 Rd8 17. Qb3 Bc5+ 18. Kh1 Bc8 19. Qc3 Bd4 20. Qa5 b6 21.
Qxa7 b5 22. Bd3 Bxa7 23. Nb3 Qh6 24. h3 f5 25. Na5 fxe4 26. Bxe4 Rxd1 27. Rxd1
Bxh3 28. gxh3 Qxh3# {SwietlikAlexan est échec et mat} 0-1

[Event "Tournament 14472 - Europe Echecs"]
[Site "Europe Echecs"]
[Date "2020.07.10"]
[Round "7"]
[Time "17:16:57"]
[PlyCount "61"]
[White "CayauNolanMael"]
[Black "DennebouyAlexa"]
[WhiteElo "999"]
[BlackElo "1160"]
[Mode "WEB"]
[Result "0-1"]

1. d4 d5 2. Bg5 f6 3. Bc1 b6 4. Nc3 e6 5. e4 Ne7 6. exd5 exd5 7. Bb5+ Bd7 8. Bf4
Bxb5 9. Nxb5 g5 10. Nxc7+ Kd7 11. Nxa8 gxf4 12. Qg4+ Kc6 13. Nf3 Na6 14. c4 dxc4
15. Rc1 Nb4 16. Rxc4+ Kd5 17. b3 Nd3+ 18. Kd1 Nxf2+ 19. Ke1 Nxg4 20. Nc7+ Kd6
21. Nb5+ Kd7 22. Rc7+ Ke8 23. d5 Nxd5 24. Nd6+ Bxd6 25. Rxa7 Bb4+ 26. Nd2 Qe7+
27. Kd1 Qxa7 28. Re1+ Nde3+ 29. Kc1 Qxa2 30. Nc4 Qc2# {CayauNolanMael est échec et mat} 0-1

[Event "Tournament 14472 - Europe Echecs"]
[Site "Europe Echecs"]
[Date "2020.07.10"]
[Round "7"]
[Time "17:16:57"]
[PlyCount "61"]
[White "ChofardetPierr"]
[Black "BerezovskyJona"]
[WhiteElo "1145"]
[BlackElo "1130"]
[Mode "WEB"]
[Result "0-1"]

1. e4 c5 2. Nf3 Nc6 3. d4 cxd4 4. Nxd4 e5 5. Nxc6 bxc6 6. Nc3 Nf6 7. Bg5 h6 8.
Bxf6 Qxf6 9. Bc4 Bb4 10. Qd3 O-O 11. O-O Rd8 12. a3 Ba5 13. b4 Bb6 14. Ne2 Bb7
15. a4 d5 16. exd5 cxd5 17. Bb3 a5 18. bxa5 Rxa5 19. Rad1 Bc6 20. Nc3 d4 21. Ne4
Qg6 22. f3 Bxa4 23. Bxa4 Rxa4 24. Qb5 d3+ 25. Kh1 Ra2 26. Rc1 Be3 27. Ra1 Rxa1
28. Rxa1 dxc2 29. Qe2 c1=Q+ 30. Rxc1 Bxc1 {ChofardetPierr a abandonné} 0-1

[Event "Tournament 14472 - Europe Echecs"]
[Site "Europe Echecs"]
[Date "2020.07.10"]
[Round "7"]
[Time "17:16:57"]
[PlyCount "76"]
[White "JannotClement"]
[Black "DeMendoncaLeo"]
[WhiteElo "1199"]
[BlackElo "1199"]
[Mode "WEB"]
[Result "1-0"]

1. e4 e5 2. Nc3 Nf6 3. Nf3 c6 4. h3 d5 5. Nxe5 dxe4 6. Nxe4 Nxe4 7. d3 Nc5 8.
Ng4 Bd6 9. Qe2+ Qe7 10. Be3 O-O 11. O-O-O Bxg4 12. Qxg4 Nbd7 13. Bf4 Ne5 14.
Bxe5 Bxe5 15. f4 Bf6 16. c3 Rad8 17. d4 Ne4 18. Qf3 Nd6 19. Bd3 b6 20. Rhe1 Qd7
21. Qh5 Nf5 22. Bxf5 Qxf5 23. Qxf5 c5 24. Qg4 cxd4 25. cxd4 Rxd4 26. Rxd4 Bxd4
27. f5 Be3+ 28. Rxe3 Rc8+ 29. Kb1 Rd8 30. Qe2 g6 31. f6 h6 32. Re8+ Rxe8 33.
Qxe8+ Kh7 34. Qxf7+ Kh8 35. Qe8+ Kh7 36. f7 Kg7 37. f8=Q+ Kh7 38. Qee7# {DeMendoncaLeo est échec et mat} 1-0

[Event "Tournament 14472 - Europe Echecs"]
[Site "Europe Echecs"]
[Date "2020.07.10"]
[Round "8"]
[Time "17:48:16"]
[PlyCount "63"]
[White "SumarrivaPauliL"]
[Black "KuhnClement"]
[WhiteElo "2023"]
[BlackElo "2150"]
[Mode "WEB"]
[Result "0-1"]

1. d4 Nf6 2. c4 g6 3. Nc3 Bg7 4. Bg5 d6 5. Nf3 O-O 6. h3 Nbd7 7. e3 e5 8. Be2 b6
9. O-O Bb7 10. Qc2 h6 11. Bh4 Qe7 12. b4 Rae8 13. Rfd1 g5 14. Bg3 exd4 15. Nxd4
Ne4 16. Nf5 Qf6 17. Nxg7 Kxg7 18. Nxe4 Bxe4 19. Bd3 Qe6 20. Rac1 f5 21. Bxe4
Qxe4 22. Qc3+ Kg8 23. Qb3 Kh7 24. Qa4 Rf7 25. Qxa7 f4 26. exf4 gxf4 27. f3 Qg6
28. Bh2 Re2 29. g4 fxg3 30. Qxc7 gxh2+ 31. Kh1 Qg2# {SumarrivaPauliL est échec et mat} 0-1

[Event "Tournament 14472 - Europe Echecs"]
[Site "Europe Echecs"]
[Date "2020.07.10"]
[Round "8"]
[Time "17:48:16"]
[PlyCount "68"]
[White "MathieuPhileas"]
[Black "CavaillesEvan"]
[WhiteElo "2214"]
[BlackElo "2018"]
[Mode "WEB"]
[Result "1-0"]

1. e4 c5 2. Nf3 Nc6 3. Bb5 e6 4. O-O Nge7 5. c3 a6 6. Be2 d5 7. exd5 Nxd5 8. d4
Nf6 9. Be3 cxd4 10. Nxd4 Bd7 11. Bf3 Qc7 12. Nd2 Bd6 13. h3 Ne5 14. Ne4 Nxf3+
15. Qxf3 Nxe4 16. Qxe4 O-O 17. Rad1 e5 18. Nf5 Bxf5 19. Qxf5 Rfd8 20. Rd5 Qe7
21. Rfd1 g6 22. Qg4 h5 23. Qg5 Rac8 24. Rxd6 Qxd6 25. Rxd6 Rxd6 26. Qxe5 Re6 27.
Qg5 Kh7 28. Qh6+ Kg8 29. Bd4 f6 30. Qxg6+ Kf8 31. Bxf6 Rcc6 32. Qg7+ Ke8 33.
Qg8+ Kd7 34. Qd8# {CavaillesEvan est échec et mat} 1-0

[Event "Tournament 14472 - Europe Echecs"]
[Site "Europe Echecs"]
[Date "2020.07.10"]
[Round "8"]
[Time "17:48:16"]
[PlyCount "83"]
[White "LambachMaxime"]
[Black "MartinezMartin"]
[WhiteElo "1980"]
[BlackElo "1917"]
[Mode "WEB"]
[Result "0-1"]

1. e4 c5 2. Nf3 d6 3. d4 cxd4 4. Nxd4 Nf6 5. Nc3 a6 6. Be2 e5 7. Nb3 Be7 8. Be3
Be6 9. f3 h5 10. O-O Nbd7 11. Qd2 Rc8 12. Rad1 Qc7 13. Kh1 b5 14. a3 Nb6 15.
Bxb6 Qxb6 16. Nd5 Bxd5 17. exd5 h4 18. Na5 Nh5 19. Rf2 Ng3+ 20. Kg1 Nxe2+ 21.
Qxe2 Qxa5 22. f4 Bf6 23. fxe5 Bxe5 24. Qg4 Qc7 25. Rdf1 Bf6 26. Rxf6 gxf6 27.
Qg7 Qc5+ 28. Kh1 Rf8 29. Qxf6 Qxd5 30. Re1+ Kd7 31. Re7+ Kc6 32. Qc3+ Kb6 33.
Qe3+ Qc5 34. Qf3 Rc6 35. b4 Qd4 36. h3 Rc7 37. Re4 Qc3 38. Qf4 Rd8 39. Qg5 f6
40. Qxh4 Qxc2 41. Qf4 Qc1+ {LambachMaxime a abandonné} 0-1

[Event "Tournament 14472 - Europe Echecs"]
[Site "Europe Echecs"]
[Date "2020.07.10"]
[Round "8"]
[Time "17:48:16"]
[PlyCount "49"]
[White "AlaimeMaxime"]
[Black "BurgalatEliot"]
[WhiteElo "1834"]
[BlackElo "1963"]
[Mode "WEB"]
[Result "0-1"]

1. e4 e6 2. d4 d5 3. e5 c5 4. Nf3 Nc6 5. Bd3 cxd4 6. O-O Bc5 7. a3 Nge7 8. b4
Bb6 9. Re1 Ng6 10. g3 O-O 11. h4 h6 12. h5 Nge7 13. Nbd2 Nf5 14. Nb3 Bd7 15. Bb2
Qc7 16. Bxf5 exf5 17. Nbxd4 Bxd4 18. Bxd4 Nxd4 19. Nxd4 Rac8 20. Re3 Be6 21. Qd3
Qc4 22. Nxf5 Qxd3 23. Ne7+ Kh7 24. cxd3 Rc7 {AlaimeMaxime a abandonné} 0-1

[Event "Tournament 14472 - Europe Echecs"]
[Site "Europe Echecs"]
[Date "2020.07.10"]
[Round "8"]
[Time "17:48:16"]
[PlyCount "69"]
[White "LecciaAntoine"]
[Black "DintronoNoe"]
[WhiteElo "1950"]
[BlackElo "1685"]
[Mode "WEB"]
[Result "0-1"]

1. d4 f5 2. Bg5 g6 3. Nc3 Bg7 4. e4 fxe4 5. Nxe4 d5 6. Nc3 Nf6 7. Nf3 O-O 8. Bd3
Nc6 9. h3 Qe8 10. O-O e5 11. dxe5 Nxe5 12. Nxe5 Qxe5 13. Bxf6 Bxf6 14. Qf3 c6
15. Rae1 Qg5 16. Qe3 Qh4 17. Qg3 Qb4 18. Nd1 Bg7 19. c3 Qc5 20. Qe3 Qd6 21. Qe7
Qf4 22. Qe3 Qh4 23. Qg3 Qf6 24. Ne3 d4 25. cxd4 Qxd4 26. Bc4+ Kh8 27. b3 Be5 28.
Rd1 Qe4 29. Qg5 Bf4 30. Qc5 Bh6 31. Rd4 Qe8 32. Rd3 b6 33. Qd5 cxd5 34. Bxd5 Rb8 {LecciaAntoine a abandonné} 0-1

[Event "Tournament 14472 - Europe Echecs"]
[Site "Europe Echecs"]
[Date "2020.07.10"]
[Round "8"]
[Time "17:48:16"]
[PlyCount "83"]
[White "BrunPierre"]
[Black "BabaudAntoine"]
[WhiteElo "1803"]
[BlackElo "1943"]
[Mode "WEB"]
[Result "0-1"]

1. d4 d5 2. c4 e6 3. Nc3 Nf6 4. Bg5 Be7 5. Nf3 O-O 6. e3 Nbd7 7. cxd5 exd5 8.
Bd3 c6 9. O-O Re8 10. Bf4 Nf8 11. h3 Ng6 12. Bg3 Bd6 13. Bxd6 Qxd6 14. Rc1 Be6
15. Qa4 Rec8 16. b4 Nd7 17. b5 c5 18. Bxg6 hxg6 19. dxc5 Nxc5 20. Qh4 f6 21. Nd4
Kf7 22. Nce2 Nd3 23. Rxc8 Rxc8 24. Rd1 Nb2 25. Rb1 Nd3 26. Nxe6 Qxe6 27. Nd4 Qe4
28. Qxe4 dxe4 29. Rb3 Rc1+ 30. Kh2 Nxf2 31. Ra3 a6 32. bxa6 bxa6 33. Rxa6 Re1
34. Ra7+ Kg8 35. a4 Rxe3 36. a5 Ra3 37. a6 Kh7 38. Kg1 e3 39. Kf1 Ne4 40. Re7
Ng3+ 41. Ke1 Ra1# {BrunPierre est échec et mat} 0-1

[Event "Tournament 14472 - Europe Echecs"]
[Site "Europe Echecs"]
[Date "2020.07.10"]
[Round "8"]
[Time "17:48:16"]
[PlyCount "142"]
[White "CarlierBromber"]
[Black "LecciaThomas"]
[WhiteElo "1790"]
[BlackElo "1893"]
[Mode "WEB"]
[Result "1-0"]

1. e4 e6 2. d4 d5 3. exd5 exd5 4. Bd3 Nc6 5. Ne2 Bd6 6. c3 Nge7 7. O-O Bf5 8.
Bf4 Qd7 9. Bxd6 Qxd6 10. Bxf5 Nxf5 11. Qd3 g6 12. g3 O-O-O 13. Re1 h5 14. Nd2 h4
15. g4 Nh6 16. g5 Nf5 17. Nf3 f6 18. Qd2 Rh5 19. Nf4 Rhh8 20. gxf6 Qxf6 21. Re6
Qf7 22. Ng5 Qd7 23. h3 Nce7 24. Nd3 Rh5 25. Rae1 b6 26. Kh2 Rf8 27. Ne5 Qb5 28.
Qf4 Qxb2 29. Rxe7 Rxg5 30. Nc4 Rg2+ 31. Kxg2 Ne3+ 32. Qxe3 dxc4 33. Re8+ Rxe8
34. Qxe8+ Kb7 35. Qe4+ Ka6 36. Qxg6 Qxc3 37. Qe4 Qd2 38. Qe2 Qxd4 39. Rd1 Qg7+
40. Kf1 b5 41. Qe6+ Ka5 42. Qe3 c6 43. Qd2+ Kb6 44. Qd8+ Kc5 45. Qd6+ Kb6 46. a4
a6 47. a5+ Kxa5 48. Qxc6 Qe5 49. Qf3 Ka4 50. Re1 Qd4 51. Qc6 a5 52. Re4 Qd3+ 53.
Kg2 Kb4 54. Re5 c3 55. Rc5 a4 56. Re5 c2 57. Qc5+ Kb3 58. Re3 Qxe3 59. Qxe3+ Kb2
60. Qe5+ Ka2 61. Qd5+ Ka1 62. Qc6 Kb1 63. Qxb5+ Ka1 64. Qc4 Kb1 65. Qb4+ Ka1 66.
Qxa4+ Kb1 67. Qb3+ Ka1 68. Qc3+ Kb1 69. f4 c1=Q 70. Qxc1+ Kxc1 71. f5 {LecciaThomas a abandonné} 1-0

[Event "Tournament 14472 - Europe Echecs"]
[Site "Europe Echecs"]
[Date "2020.07.10"]
[Round "8"]
[Time "17:48:16"]
[PlyCount "107"]
[White "courjalpauline"]
[Black "AllardNedellecG"]
[WhiteElo "1848"]
[BlackElo "1768"]
[Mode "WEB"]
[Result "0-1"]

1. e4 e6 2. d4 d5 3. Nd2 Nf6 4. e5 Nfd7 5. Bd3 b6 6. Ne2 c5 7. c3 Ba6 8. Bxa6
Nxa6 9. O-O Be7 10. f4 Nc7 11. Ng3 g6 12. Qg4 h5 13. Qe2 h4 14. Nh1 Kf8 15. Nf3
Ne8 16. Ng5 Ng7 17. g3 hxg3 18. hxg3 Nf5 19. g4 Rxh1+ 20. Kg2 Rxf1 21. gxf5 Rxc1
22. Rxc1 Bxg5 23. fxe6 fxe6 24. Rh1 Kg7 25. fxg5 Qxg5+ 26. Kf2 Rf8+ 27. Ke1 Qc1+
28. Qd1 Qxd1+ 29. Kxd1 Rf2 30. Kc1 cxd4 31. cxd4 g5 32. Rh3 Nf8 33. Rc3 g4 34.
Rc7+ Kh6 35. Rc3 Ng6 36. Rg3 Kg5 37. b3 Nf4 38. Re3 Rxa2 39. b4 Ne2+ 40. Kd1
Nxd4 41. b5 Kf4 42. Rd3 Nxb5 43. Rb3 a6 44. Rb4+ d4 45. Ke1 g3 46. Kf1 Kf3 47.
Rb1 Rf2+ 48. Kg1 d3 49. Rd1 Ke2 50. Rb1 d2 51. Rb2 Nd4 52. Kh1 Rh2+ 53. Kg1 Nf3# {courjalpauline est échec et mat} 0-1

[Event "Tournament 14472 - Europe Echecs"]
[Site "Europe Echecs"]
[Date "2020.07.10"]
[Round "8"]
[Time "17:48:16"]
[PlyCount "133"]
[White "RobichonPierre"]
[Black "LarmetNino"]
[WhiteElo "1573"]
[BlackElo "1818"]
[Mode "WEB"]
[Result "0-1"]

1. d4 d5 2. c4 e6 3. Nc3 c6 4. Nf3 dxc4 5. a4 Bb4 6. e4 b5 7. Bf4 Nf6 8. Qc2 Bb7
9. axb5 cxb5 10. e5 Nd5 11. Bd2 a6 12. Be2 O-O 13. O-O Nxc3 14. bxc3 Be7 15. Be3
Nd7 16. Rfb1 Nb6 17. Nd2 Nd5 18. Nxc4 Rc8 19. Na5 Rxc3 20. Qd2 Qc7 21. Nxb7 Qxb7
22. Bf3 Rc7 23. Qa2 Ra8 24. Qa5 Ra7 25. Qa2 Nc3 26. Qb2 Qc8 27. Rc1 Na4 28. Rxc7
Rxc7 29. Qd2 Rc2 30. Qa5 Bd8 31. Qe1 Bb6 32. Be4 Rc4 33. Qb1 g6 34. Qd3 Qd8 35.
Rd1 Nb2 36. Qb1 Nxd1 37. Qxd1 Bxd4 38. Qe2 Qb6 39. Bxd4 Qxd4 40. Bd3 Rc3 41. h3
Rxd3 42. Qc2 Rd1+ 43. Kh2 Qxe5+ 44. g3 Rd8 45. h4 Qd4 46. Kg2 b4 47. Qa4 Qd5+
48. Kh2 b3 49. Qxa6 b2 50. Qb6 Qd2 51. Kh3 Kg7 52. Kg2 Rd6 53. Qb8 Rd8 54. Qe5+
Kg8 55. Qb5 Qd5+ 56. Qxd5 exd5 57. g4 b1=Q 58. h5 Qe4+ 59. f3 Qe2+ 60. Kg3 d4
61. h6 d3 62. g5 d2 63. f4 Rd3+ 64. Kh4 Qf2+ 65. Kg4 Qg2+ 66. Kh4 Rh3# {RobichonPierre est échec et mat} 0-1

[Event "Tournament 14472 - Europe Echecs"]
[Site "Europe Echecs"]
[Date "2020.07.10"]
[Round "8"]
[Time "17:48:16"]
[PlyCount "64"]
[White "RebutPaul"]
[Black "CaptonRafael"]
[WhiteElo "1966"]
[BlackElo "1737"]
[Mode "WEB"]
[Result "1-0"]

1. d4 Nf6 2. Bf4 g6 3. Nc3 Bg7 4. e4 O-O 5. e5 Ne8 6. Qe2 d6 7. O-O-O e6 8. Nf3
d5 9. h4 b6 10. Qe3 Qe7 11. h5 c5 12. Ng5 cxd4 13. Rxd4 Nc6 14. hxg6 fxg6 15.
Rd1 d4 16. Qh3 h5 17. Ne2 Rxf4 18. Nxf4 Qxg5 19. g3 Bxe5 20. Bg2 Bxf4+ 21. gxf4
Qxf4+ 22. Kb1 Bd7 23. Bxc6 Bxc6 24. Qxe6+ Kg7 25. Qxc6 Rd8 26. Rdg1 Nf6 27. Rxh5
Qxf2 28. Rhg5 Re8 29. Rxg6+ Kf7 30. Rg7+ Kf8 31. Qd6+ Re7 32. Qxe7# {CaptonRafael est échec et mat} 1-0

[Event "Tournament 14472 - Europe Echecs"]
[Site "Europe Echecs"]
[Date "2020.07.10"]
[Round "8"]
[Time "17:48:16"]
[PlyCount "69"]
[White "LonckeMatthieu"]
[Black "CandelotClemen"]
[WhiteElo "1726"]
[BlackElo "2089"]
[Mode "WEB"]
[Result "0-1"]

1. d4 d5 2. Bf4 Nf6 3. e3 e6 4. Nd2 c5 5. c3 Nc6 6. Ngf3 Bd6 7. Bg3 O-O 8. Bd3
b6 9. O-O Bb7 10. Qb1 Bxg3 11. hxg3 Qc7 12. e4 h6 13. Re1 cxd4 14. cxd4 dxe4 15.
Nxe4 Nd5 16. a3 Rfd8 17. b4 Rac8 18. Qb2 Nde7 19. Rac1 Qd7 20. Bb5 a6 21. Ba4
Nf5 22. Red1 Qe7 23. g4 Nd6 24. Ng3 Ne8 25. Ne5 Nxe5 26. dxe5 Nc7 27. Qe2 Nd5
28. Qd2 Nc3 29. Qe3 Nxa4 30. Ne4 Bxe4 31. Qxe4 Nc3 32. Rxd8+ Qxd8 33. Qe3 Ne2+
34. Qxe2 Rxc1+ {LonckeMatthieu a abandonné} 0-1